Statistics for Name the 6 most severe extinction events

Click here to take the quiz!

General Stats

  • This quiz has been taken 48 times
  • The average score is 2 of 7

Answer Stats

YearExtinction% Correct
252MaThe Great Dying
86%
66MaCretaceous-Paleogene Extinction
51%
OngoingHolocene Extinction
37%
201.3MaTriassic-Jurassic Extinction
29%
455-430MaOrdovician-Silurian Extinction
20%
376-360MaLate Devonian Extinction
9%
265-259MaEmeishan Traps
0%

Score Distribution

Percentile by Number Answered

Percent of People with Each Score

Your Score History

You have not taken this quiz